Countries/Territories contributing to typhoon names - Statistics

General Stats
  • This quiz has been taken 105 times
  • The average score is 11 of 14
Answer Stats
State/Territory % Correct
Japan
99%
China
97%
Philippines
91%
South Korea
91%
Vietnam
87%
Laos
86%
Cambodia
85%
Thailand
85%
Malaysia
82%
USA
81%
North Korea
75%
Hong Kong
58%
Macau
51%
Micronesia
47%
No matching quizzes found
Score Distribution
Percent of People with Each Score
Percentile by Number Answered
Your Score History
You have not taken this quiz